• 首页
  • 本馆介绍
  • 公告通知
  • 最新文献
  • 馆藏检索
  • 电子资源
  • 读者导购
  • 参考咨询
  • 我的图书馆
  • 登录
  • 详细信息显示
  • 放入我的书架
  • 预约/预借图书
  • 作者相关作品
  • 分类相关作品
  • 丛书相关作品
  • 出版社相关作品

书目信息

  • 表格格式
  • 工作单格式
  • 卡片格式
题名:
墨家的形式逻辑
    
 
作者: 詹剑峰 著
分册:  
出版信息: 武汉   湖北人民出版社  1979
页数: 242页
开本: 20cm
丛书名:
单 册:
中图分类: B224.5
科图分类:
主题词: 墨家--研究
电子资源:
ISBN:
000 00557nam0 2200217 45
001 0179003498
005 20060911083219.51
010    @dCNY0.57
091    @a2106.5
100    @a19950712d1979 emky0chiy0121 ea
101 0  @achi
102    @aCN@b420000
105    @ay z 000yy
200 10 @a墨家的形式逻辑@Amo jia de xing shi luo ji@f詹剑峰著@FZhan Jian Feng Zhu
210    @a武汉@c湖北人民出版社@d1979
215    @a242页@d20cm
606    @a墨家@x研究
690    @aB224.5@v3
701  0 @a詹剑峰@4著
801  0 @aCN@bNLC@c20060911
905    @dB224.5@e105
    
    墨家的形式逻辑/詹剑峰著.-武汉:湖北人民出版社,1979
    242页;20cm
    
    
    ISBN :CNY0.57
    
●
相关链接 在E读中查询图书 在五车中查询图书 在当当中查询图书 在豆瓣中查询图书


正题名:墨家的形式逻辑     索取号:B224.5/105         预约/预借

序号 登录号 条形码 馆藏地/架位号 状态 备注
1 0228495   000507623   密集书库/ [索取号:B224.5/105] 在馆    
2 0228496   000507669   第一样本阅览室/ [索取号:B224.5/105] 在馆    
3 0421348   204213485   密集书库/ [索取号:B224.5/105] 在馆    
4 0465215   204652152   密集书库/ [索取号:B224.5/105] 在馆    
5 0471843   204718430   密集书库/ [索取号:B224.5/105] 在馆    
唐山师范学院图书馆 欢迎您!
大连网信软件有限公司© 版权所有